| 000 | 00472cam a2200181ua 4500 | ||
|---|---|---|---|
| 020 | _c60.00 | ||
| 041 |
_aeng _h |
||
| 082 |
_a630.2 _bMAT/BU |
||
| 100 | _aMathur , Kuldeep . | ||
| 245 |
_aBureaucracy and the new agricultural strategy / _cKuldheep mathur. _hTextual Documents |
||
| 250 |
_a1 / _b. |
||
| 260 |
_aNew Delhi : _bConcept Publishing Company , _c1982. |
||
| 300 | _a103 ; . | ||
| 365 | _a60.00 | ||
| 504 | _a | ||
| 942 | _cBK | ||
| 999 |
_c7349 _d7349 |
||